Kto to napísal?

Salvato in:
Dettagli Bibliografici
Autore principale: Matušík, Adrián (Autore)
Altri autori: Petrík, Juraj (Relatore della tesi)
Natura: Manoscritto Libro
Lingua:slovacco
Pubblicazione: 2025
Soggetti:
Accesso online:http://is.stuba.sk/zp/portal_zp.pl?podrobnosti=192117
Tags: Aggiungi Tag
Nessun Tag, puoi essere il primo ad aggiungerne!!

MARC

LEADER 00000ntm a22000003a 4500
001 stuzp102817
003 SK-STU
005 20250614211452.7
007 ta
008 150427s2015----xo-----f-mn---000-0-slo-d
040 |a STU  |b slo 
041 0 |a slo 
100 1 |a Matušík, Adrián  |u 070200  |4 aut  |U FIIT Fakulta informatiky a informačných technológií  |T FIIT Ústav informatiky, informačných systémov a softvérového inžinierstva  |X 135148  |U I200  |Y 179  |7 135148 
242 0 1 |a Who wrote that?  |y eng 
245 1 0 |a Kto to napísal? 
260 |c 2025 
650 4 |a Random forest  |2 eng 
650 4 |a Logistic regression  |2 eng 
650 4 |a Machine learning  |2 eng 
650 4 |a Popularity prediction  |2 eng 
650 4 |a Náhodný les  |2 slo 
650 4 |a Predikcia popularity  |2 slo 
650 4 |a Logistická regresia  |2 slo 
650 4 |a Strojové učenie  |2 slo 
700 1 |a Petrík, Juraj  |u 070200  |k Z3  |4 ths  |U FIIT Fakulta informatiky a informačných technológií  |T FIIT Ústav informatiky, informačných systémov a softvérového inžinierstva  |X 5731  |U I200  |Y 179  |7 A000005731 
856 4 |u http://is.stuba.sk/zp/portal_zp.pl?podrobnosti=192117